[Event "Match"]
[Site "www.echecsemail.com"]
[Date "2018.08.14"]
[Round "1"]
[White "J1j6"]
[Black "Llord"]
[WhiteElo "1940"]
[BlackElo "1940"]
[Result "0-1"]
[Round "1"]
1.e4 e5
2.Ng1f3 Nb8c6
3.Bf1c4 Bf8c5
4.c3 Ng8f6
5.d3 O-O
6.O-O d5
7.exd5 Nf6xd5
8.Bc4xd5 Qd8xd5
9.Bc1e3 Bc8g4
10.Be3xc5 Qd5xc5
11.Nb1d2 Ra8d8
12.Nd2e4 Qc5e7
13.h3 Bg4h5
14.g4 Bh5g6
15.Qd1b3 b6
16.Qb3b5 Qe7e6
17.Nf3g5 Qe6d5
18.Qb5xd5 Rd8xd5
19.Ra1d1 Rf8d8
20.h4 h6
21.Ng5f3 Bg6xe4
22.Nf3h2 Be4xd3
23.Rf1e1 Bd3c2
24.Rd1xd5 Rd8xd5
25.Nh2f3 f6
26.c4 Rd5d1
27.a3 Nc6d4
28.Re1xd1 Nd4xf3
{ resign }
0-1

[Event "Match"]
[Site "www.echecsemail.com"]
[Date "2018.08.14"]
[Round "1"]
[White "Apdash"]
[Black "J1j6"]
[WhiteElo "2080"]
[BlackElo "1940"]
[Result "1-0"]
[Round "1"]
1.e4 c5
2.Ng1f3 Nb8c6
3.d4 e6
4.d5 exd5
5.exd5 Nc6e7
6.c4 Ne7f5
7.Bf1d3 d6
8.O-O Ng8e7
9.Bc1g5 f6
10.Bg5f4 g5
11.Nf3xg5 Ne7g6
12.Rf1e1 Bf8e7
13.Ng5h3 Nf5h4
14.Bf4g3 Bc8xh3
15.Bg3xh4 Ng6xh4
16.Qd1h5 Kd7
17.Qh5xh4 Bh3xg2
18.Bd3f5 Kc7
19.Kxg2 h6
20.Nb1c3 a6
21.Re1e6 Rh8g8
22.Kf1 Qd8f8
23.Nc3e4 Qf8g7
24.Ne4g3 Ra8e8
25.Ra1e1 Kb6
26.Qh4e4 { resign }
1-0

[Event "Match"]
[Site "www.echecsemail.com"]
[Date "2018.08.14"]
[Round "1"]
[White "Luzhin"]
[Black "Apdash"]
[WhiteElo "2470"]
[BlackElo "2040"]
[Result "1/2-1/2"]
[Round "1"]
1.e4 c5
2.Nb1c3 Nb8c6
3.Ng1e2 d6
4.d4 Nc6xd4
5.Ne2xd4 cxd4
6.Qd1xd4 Bc8d7
7.f4 a6
8.Bf1e2 Qd8c7
9.Nc3d5 Qc7c5
10.Qd4xc5 dxc5
11.Nd5c7 Kd8
12.Nc7xa8 b5
13.Bc1d2 Ng8f6
14.Bd2a5 Ke8
15.e5 Nf6d5
16.Be2f3 Bd7c6
17.Na8c7 Nd5xc7
18.Bf3xc6 Kd8
19.O-O-O Kc8
20.Rd1d8 Kxd8
21.Rh1d1 Kc8
22.Rd1d7 Nc7e6
23.Rd7a7 Ne6d4
24.Bc6b7 { draw }
1/2-1/2

[Event "Match"]
[Site "www.echecsemail.com"]
[Date "2018.08.14"]
[Round "1"]
[White "Hundegana"]
[Black "J1j6"]
[WhiteElo "2120"]
[BlackElo "1860"]
[Result "1-0"]
[Round "1"]
1.e3 e5
2.c4 Nb8c6
3.Nb1c3 Ng8f6
4.Bf1d3 b6
5.Nc3e4 Nf6xe4
6.Bd3xe4 Bc8b7
7.b3 g6
8.b4 Bf8xb4
9.a3 Bb4e7
10.Ng1e2 d6
11.O-O f5
12.Be4d5 Nc6a5
13.Bd5e6 Be7f6
14.Ra1b1 Qd8e7
15.Be6d5 Bb7xd5
16.cxd5 Na5c4
17.Qd1a4 Kf7
18.Qa4xc4 h5
19.f4 exf4
20.Ne2xf4 Bf6e5
21.Nf4e6 Ra8c8
22.a4 Qe7h4
23.Qc4xh4 { resign }
1-0

[Event "Match"]
[Site "www.echecsemail.com"]
[Date "2018.08.14"]
[Round "1"]
[White "Ff333"]
[Black "J1j6"]
[WhiteElo "2180"]
[BlackElo "1920"]
[Result "1-0"]
[Round "1"]
1.e4 e5
2.Ng1f3 Nb8c6
3.a3 b6
4.Bf1c4 h6
5.O-O Bf8c5
6.b4 Bc5d4
7.c3 b5
8.Bc4xb5 Bd4b6
9.Bb5xc6 dxc6
10.Nf3xe5 Qd8f6
11.d4 Ng8e7
12.Qd1b3 Bc8e6
13.Qb3a4 Be6d7
14.Ne5xd7 Kxd7
15.e5 Qf6e6
16.Bc1e3 Ne7d5
17.Rf1d1 Qe6g4
18.c4 Nd5xe3
19.fxe3 f6
20.exf6 gxf6
21.c5 Rh8g8
22.g3 Ra8e8
23.cxb6 Re8xe3
24.Rd1d2 Re3xg3
25.hxg3 Qg4xg3
26.Kf1 Qg3g1
27.Ke2 Rg8g2
28.Kd3 Qg1f1
29.Kc2 Qf1c4
30.Nb1c3 Rg2xd2
31.Kxd2 Qc4xd4
32.Kc2 Qd4f2
33.Kb3 axb6
34.Ra1d1 Ke7
35.Qa4xc6 Qf2f5
36.Qc6xc7 { resign }
1-0

[Event "Tourn. n9877"]
[Site "www.echecsemail.com"]
[Date "2018.08.14"]
[Round "1"]
[White "Scasan55"]
[Black "Apdash"]
[WhiteElo "1870"]
[BlackElo "1810"]
[Result "0-1"]
[Round "1"]
1.e4 e5
2.Ng1f3 Nb8c6
3.Bf1c4 Bf8c5
4.O-O Ng8f6
5.Nb1c3 O-O
6.a3 Qd8e7
7.Bc4a2 d6
8.h3 Bc8e6
9.d3 h6
10.b4 Bc5d4
11.Bc1b2 d5
12.Qd1c1 dxe4
13.Nc3xe4 Nf6xe4
14.dxe4 Be6xa2
15.Ra1xa2 Ra8d8
16.Rf1d1 Qe7e6
17.c3 Bd4xf2
18.Kxf2 Qe6xa2
19.Rd1xd8 Rf8xd8
20.Kg1 Qa2b3
21.Nf3d2 Qb3e6
22.Qc1c2 Qe6d6
23.Nd2c4 Qd6d1
24.Qc2xd1 Rd8xd1
25.Kf2 b5
26.Ke2 Rd1b1
27.Kd2 bxc4
28.Bb2c1 Rb1xc1
29.Kxc1 g6
30.Kd2 f5
31.g3 Kf7
32.Ke3 a6
33.exf5 gxf5
34.h4 h5
35.a4 Nc6a7
36.Kf3 c6
37.Ke3 Na7c8
38.Kf3 Nc8d6
39.Ke3 Nd6e4
{ resign }
0-1

[Event "Tourn. n9870"]
[Site "www.echecsemail.com"]
[Date "2018.08.14"]
[Round "1"]
[White "Apdash"]
[Black "Falcoale"]
[WhiteElo "1810"]
[BlackElo "1870"]
[Result "1-0"]
[Round "1"]
1.d4 Ng8f6
2.Bc1g5 b6
3.Nb1d2 Bc8b7
4.c4 e6
5.Qd1c2 h6
6.Bg5h4 Bf8e7
7.e4 O-O
8.f3 d6
9.g4 Nf6h7
10.Bh4xe7 Qd8xe7
11.h4 d5
12.cxd5 exd5
13.e5 c5
14.Bf1d3 g6
15.h5 cxd4
16.hxg6 Qe7xe5
17.Ng1e2 fxg6
18.Rh1xh6 Rf8f6
19.Bd3xg6 Nh7f8
20.Bg6h7 Kf7
21.Rh6xf6 Qe5xf6
22.Qc2c7 Qf6e7
23.Bh7g8 Ke8
24.Qc7xe7 Kxe7
25.Ne2xd4 Nb8c6
26.Nd4f5 Kf6
27.Bg8xd5 Ra8d8
28.Nd2e4 Kg6
29.Bd5xc6 Bb7xc6
30.Nf5e7 Kf7
31.Ne7xc6 Rd8e8
32.Nc6xa7 Nf8d7
33.Kf2 Re8h8
34.Ra1d1 Nd7c5
35.Ne4xc5 bxc5
36.Kg3 Rh8a8
37.Rd1d7 Ke6
38.Rd7b7 Kd5
39.f4 { resign }
1-0

[Event "Tourn. n9853"]
[Site "www.echecsemail.com"]
[Date "2018.08.14"]
[Round "1"]
[White "Cathar"]
[Black "Szustan"]
[WhiteElo "2259"]
[BlackElo "2610"]
[Result "0-1"]
[Round "1"]
1.c4 e5
2.g3 Ng8f6
3.Bf1g2 d5
4.cxd5 Nf6xd5
5.Nb1c3 Nd5b6
6.e3 Bf8e7
7.Ng1e2 O-O
8.O-O Nb8c6
9.f4 f6
10.f5 Bc8d7
11.d4 Bd7e8
12.d5 Nc6a5
13.b3 c6
14.e4 Be7b4
15.Bc1e3 Be8f7
16.Qd1d3 Qd8e7
17.Ra1d1 Ra8d8
18.Kh1 Rd8d6
19.g4 Rf8d8
20.Be3xb6 axb6
21.Qd3g3 b5
22.Rf1g1 Bb4c5
23.Rg1f1 Rd6d7
24.Rd1d3 b4
25.Nc3a4 Bc5a7
26.Rf1d1 b5
27.Na4b2 cxd5
28.exd5 Na5b7
29.Qg3e1 e4
30.Rd3d2 e3
31.Rd2d3 Qe7e5
{ resign }
0-1

[Event "Match"]
[Site "www.echecsemail.com"]
[Date "2018.08.14"]
[Round "1"]
[White "Apdash"]
[Black "Add"]
[WhiteElo "2110"]
[BlackElo "2240"]
[Result "0-1"]
[Round "1"]
1.e4 e5
2.Ng1f3 d6
3.d4 exd4
4.Nf3xd4 h6
5.Bf1c4 Ng8f6
6.Nb1c3 c6
7.O-O Bf8e7
8.f4 d5
9.exd5 cxd5
10.Bc4b5 Bc8d7
11.Bb5xd7 Qd8xd7
12.Kh1 Nb8c6
13.f5 Nc6xd4
14.Qd1xd4 O-O
15.Bc1f4 Rf8d8
16.Ra1e1 b6
17.Rf1f3 Be7c5
18.Qd4d3 Rd8e8
19.Re1xe8 Ra8xe8
20.h3 Bc5d6
21.Bf4xd6 Qd7xd6
22.Rf3f1 Nf6h5
23.Kg1 Qd6c5
24.Kh2 d4
25.Nc3e2 Qc5e5
26.Kg1 Qe5xe2
27.Qd3xd4 Qe2e3
28.Qd4xe3 Re8xe3
29.Rf1f2 Nh5f6
30.Rf2d2 Kf8
31.c4 Ke7
32.Kf2 Re3e5
33.g4 Nf6e4
{ resign }
0-1

[Event "Match"]
[Site "www.echecsemail.com"]
[Date "2018.08.14"]
[Round "1"]
[White "Geodad5"]
[Black "Apdash"]
[WhiteElo "2180"]
[BlackElo "1950"]
[Result "0-1"]
[Round "1"]
1.e4 e5
2.Ng1f3 Nb8c6
3.d4 exd4
4.Nf3xd4 Nc6xd4
5.Qd1xd4 d6
6.Bf1c4 Bc8e6
7.O-O Be6xc4
8.Qd4xc4 Ng8f6
9.Nb1c3 Bf8e7
10.h3 O-O
11.Bc1e3 c6
12.Ra1d1 Qd8a5
13.a3 Qa5h5
14.f3 Rf8d8
15.Nc3e2 d5
16.exd5 Nf6xd5
17.Be3f2 Qh5e5
18.Bf2d4 Qe5g5
19.Rd1d3 Nd5f4
20.Ne2xf4 Qg5xf4
21.Qc4c3 Be7d6
22.Kf2 Rd8e8
23.Bd4e3 Qf4g3
24.Ke2 Bd6e5
25.Qc3b3 Re8e7
26.Rf1f2 Ra8e8
27.Kf1 Be5f4
28.Rf2e2 Qg3h2
29.Ke1 Bf4xe3
30.Rd3xe3 Qh2g1
31.Kd2 Re7xe3
32.Re2xe3 Qg1f2
{ resign }
0-1

[Event "1/128 Finale"]
[Site "www.chess-mail.com"]
[Date "2018.08.14"]
[Round "1"]
[White "Cal"]
[Black "Julian"]
[WhiteElo "1780"]
[BlackElo "1820"]
[Result "1-0"]
[Round "1"]
1.c4 e5
2.e4 d6
3.d3 Bc8e6
4.h3 Ng8f6
5.Nb1c3 c6
6.Ng1f3 Nb8d7
7.Bf1e2 Bf8e7
8.O-O O-O
9.a3 Qd8c7
10.b4 d5
11.cxd5 cxd5
12.Bc1g5 Qc7xc3
13.Bg5xf6 Be7xf6
14.Qd1b1 dxe4
15.dxe4 Ra8c8
16.Rf1d1 Nd7b6
17.a4 Nb6c4
18.Ra1a2 Rf8d8
19.Rd1xd8 Rc8xd8
20.Be2xc4 Be6xc4
21.Ra2c2 Qc3b3
22.Qb1c1 Bc4e6
23.a5 Qb3xb4
24.Rc2b2  { time }
1-0

[Event "Fast Game"]
[Site "www.echecsemail.com"]
[Date "2018.08.14"]
[Round "1"]
[White "J1j6"]
[Black "Deneb"]
[WhiteElo "1379"]
[BlackElo "1599"]
[Result "0-1"]
[Round "1"]
1.Ng1f3 d5
2.d4 Ng8f6
3.Nb1c3 e6
4.g3 b6
5.b3 Nf6e4
6.Nc3xe4 dxe4
7.Nf3e5 Bf8b4
8.Bc1d2 Qd8xd4
9.Bd2xb4 Qd4xb4
10.Qd1d2 Qb4xd2
11.Kxd2 Bc8b7
12.e3 f6
13.Ne5c4 Nb8c6
14.a3 O-O-O
15.Kc1 Rd8d7
16.Bf1g2 f5
17.f3 b5
18.Nc4d2 Rh8d8
19.Rh1d1 Nc6e5
20.fxe4 Bb7xe4
21.Bg2xe4 fxe4
22.Ra1a2 Ne5f3
23.c4 bxc4
24.bxc4 Rd7d3
25.h3 Rd3c3
26.Kb1 Rc3xe3
{ resign }
0-1

[Event "Match"]
[Site "www.echecsemail.com"]
[Date "2018.08.15"]
[Round "1"]
[White "Jovaras"]
[Black "Liencam2"]
[WhiteElo "2230"]
[BlackElo "2310"]
[Result "1/2-1/2"]
[Round "1"]
1.e4 c5
2.Ng1f3 e6
3.d4 cxd4
4.Nf3xd4 a6
5.Nb1c3 Qd8c7
6.Bc1e3 Bf8b4
7.Qd1d2 Ng8f6
8.f3 d5
9.Qd2d3 dxe4
10.fxe4 Bb4xc3
11.bxc3 O-O
12.Bf1e2 b5
13.O-O Nb8d7
14.Be2f3 Nd7c5
15.Qd3d2 Bc8b7
16.e5 Nf6d5
17.Bf3xd5 Bb7xd5
18.Be3f4 Nc5e4
19.Qd2e3 Ne4xc3
20.a3 Bd5b7
21.Nd4b3 Qc7c6
22.Rf1f2 Nc3d5
23.Nb3d4 Nd5xe3
24.Nd4xc6 Ne3d5
25.Nc6a5 Nd5xf4
26.Na5xb7 Ra8a7
27.Nb7d6 Nf4g6
28.Rf2e2 Ra7d7
29.c4 bxc4
30.Nd6xc4 Rf8c8
31.Nc4b6 Rd7c7
32.Nb6xc8 Rc7xc8
33.Ra1d1 h6
34.Rd1d6 a5
35.Rd6a6 Rc8c5
36.Re2b2 Ng6xe5
37.h3 Rc5c1
38.Kh2 Kh7
39.Rb2b5 Ne5c6
40.Rb5b6 Nc6e5
41.Rb6b5 Ne5d3
42.Rb5xa5 Rc1c2
43.Ra6a7 Kg6
44.Ra5b5 Nd3f4
45.Rb5b7 Nf4xg2
46.Rb7xf7 Ng2f4
47.Kg3 Nf4h5
48.Kf3 Rc2c3
49.Kg2 Rc3xa3
50.Rf7xg7 Nh5xg7
51.Ra7xa3 Ng7f5
52.Kf3 Nf5g7
53.Ke4 Kf6
54.Ra3f3 Kg6
55.Ke5 h5
56.h4 Kh7
57.Kf6 Kh6
58.Rf3g3 Ng7f5
59.Rg3g6 Kh7
60.Kg5 Nf5g7
61.Rg6h6 Kg8
62.Kg6 e5
63.Kg5 e4
64.Kf4 e3
65.Kf3 Kf7
66.Rh6h8 Kg6
67.Rh8a8 Ng7f5
68.Ra8a6 Kg7
69.Kf4 e2
70.Ra6e6 Nf5xh4
71.Re6xe2 { draw }
1/2-1/2

[Event "Tourn. n9924"]
[Site "www.echecsemail.com"]
[Date "2018.08.15"]
[Round "1"]
[White "Apdash"]
[Black "Fantomas"]
[WhiteElo "2190"]
[BlackElo "2130"]
[Result "1-0"]
[Round "1"]
1.d4 d5
2.c4 e6
3.Nb1c3 Ng8f6
4.Bc1g5 Bf8e7
5.Ng1f3 c6
6.cxd5 exd5
7.Nf3e5 Nb8d7
8.e3 h6
9.Bg5xf6 Nd7xf6
10.Bf1d3 Bc8e6
11.f4 Qd8b6
12.Qd1e2 O-O
13.O-O-O Be7b4
14.g4 Bb4xc3
15.bxc3 Nf6e4
16.Bd3xe4 dxe4
17.f5 Be6c8
18.Qe2c2 Qb6a5
19.h4 f6
20.Ne5g6 Rf8e8
21.Rd1d2 Bc8d7
22.Rd2f2 Qa5d5
23.c4 Qd5f7
24.Kb1 Bd7e6
25.Rf2f4 Be6xc4
26.Ka1 Ra8d8
27.g5 Kh7
28.gxh6 gxh6
29.Rh1g1 Bc4d3
30.Qc2b2 Rd8d5
31.Rf4f2 Re8g8
32.h5 Qf7d7
33.Rg1g2 Rd5b5
34.Qb2c1 Rb5b1
35.Qc1xb1 Bd3xb1
36.Kxb1 Qd7d5
37.Rf2b2 Qd5d7
38.Rb2f2 b5
39.Rg2g1 Qd7d6
40.Rg1c1 a5
41.Rf2c2 Rg8c8
42.Rc2c5 Kg7
43.d5 Kf7
44.Rc5xc6 Rc8xc6
45.dxc6 Qd6d3
46.Rc1c2 Qd3f1
47.Rc2c1 Qf1xf5
48.c7 Qf5c8
49.Ng6f4 Ke7
50.Nf4d5 { resign }
1-0

[Event "Match"]
[Site "www.echecsemail.com"]
[Date "2018.08.15"]
[Round "1"]
[White "Deneb"]
[Black "Chapi"]
[WhiteElo "1600"]
[BlackElo "2090"]
[Result "1-0"]
[Round "1"]
1.e4 c5
2.Ng1f3 Nb8c6
3.Nb1c3 d6
4.d4 cxd4
5.Nf3xd4 g6
6.Bc1e3 Bf8g7
7.Qd1d2 Ng8f6
8.f3 O-O
9.Bf1c4 Nf6d7
10.O-O-O a6
11.h4 b5
12.Nd4xc6 Qd8e8
13.Nc3d5 e6
14.Nd5c7 { resign }
1-0

[Event "Match"]
[Site "www.echecsemail.com"]
[Date "2018.08.15"]
[Round "1"]
[White "Cathar"]
[Black "Numanoid"]
[WhiteElo "2259"]
[BlackElo "2550"]
[Result "1/2-1/2"]
[Round "1"]
1.e4 d6
2.d4 Ng8f6
3.Nb1c3 g6
4.Ng1f3 Bf8g7
5.Bf1e2 O-O
6.O-O c6
7.h3 Qd8c7
8.Bc1f4 Nb8d7
9.e5 Nf6h5
10.exd6 exd6
11.Bf4h2 Nh5f6
12.a4 a5
13.Nf3d2 Rf8e8
14.Nd2c4 Bg7f8
15.Qd1d2 Nd7b6
16.Nc4e3 Qc7d8
17.Be2d3 d5
18.Ra1e1 Nf6e4
19.Bd3xe4 dxe4
20.f3 exf3
21.Rf1xf3 f5
22.Re1d1 Bf8g7
23.d5 Qd8e7
24.d6 Qe7f6
25.Qd2d3 Qf6h4
26.Rf3f4 Qh4d8
{ draw }
1/2-1/2

[Event "Tourn. n9848"]
[Site "www.echecsemail.com"]
[Date "2018.08.15"]
[Round "1"]
[White "Kevinking"]
[Black "Fabos12"]
[WhiteElo "1940"]
[BlackElo "1930"]
[Result "1-0"]
[Round "1"]
1.c4 e6
2.Nb1c3 d5
3.d4 Nb8c6
4.Ng1f3 Ng8f6
5.e3 Bf8b4
6.Bf1d3 O-O
7.O-O Rf8e8
8.Qd1c2 a6
9.b3 Qd8e7
10.Bc1b2 Bb4xc3
11.Bb2xc3 Ra8b8
12.h3 b5
13.cxd5 exd5
14.Bc3d2 Nc6b4
15.Bd2xb4 Qe7xb4
16.Qc2xc7 Bc8e6
17.Qc7c5 Qb4xc5
18.dxc5 Nf6d7
19.b4 Re8c8
20.Nf3d4 g6
21.f4 Kg7
22.a3 Nd7f6
23.f5 Be6d7
24.Rf1f3 g5
25.Nd4e2 Rc8e8
26.Ne2g3 h5
27.Ng3e2 Nf6e4
{ time. }
1-0

[Event "Match"]
[Site "www.echecsemail.com"]
[Date "2018.08.15"]
[Round "1"]
[White "Cal"]
[Black "Stevep84"]
[WhiteElo "1750"]
[BlackElo "2300"]
[Result "0-1"]
[Round "1"]
1.c4 e5
2.e4 Nb8c6
3.d3 Nc6d4
4.Bc1e3 Bf8c5
5.a3 d6
6.b4 Bc5b6
7.a4 a6
8.h3 f5
9.Nb1c3 f4
10.Be3d2 Qd8h4
11.Ng1f3 Nd4xf3
12.Qd1xf3 Ng8f6
13.a5 Bb6d4
14.Ra1c1 Bc8g4
15.hxg4 Qh4xh1
16.Ke2 Qh1h4
17.Nc3d5 Nf6xd5
18.cxd5 O-O-O
19.Bd2e1 g5
20.Be1c3 Bd4xc3
21.Rc1xc3 h5
22.Kd2 hxg4
23.Qf3e2 g3
24.f3 g4
25.Kc2 gxf3
26.Qe2xf3 Qh4h5
27.Bf1e2 Qh5xf3
28.Be2xf3 Rh8h1
29.Rc3b3 Rd8h8
30.b5 Rh1f1
31.Kc3 Rf1xf3
32.gxf3 g2
33.Rb3b1 Rh8h1
34.Rb1xh1 gxh1Q
35.Kc4 Qh1xf3
36.b6 Qf3e3
{ resign }
0-1

[Event "Match"]
[Site "www.echecsemail.com"]
[Date "2018.08.15"]
[Round "1"]
[White "Alessiov"]
[Black "Fangshuo"]
[WhiteElo "2260"]
[BlackElo "2070"]
[Result "1-0"]
[Round "1"]
1.e4 e6
2.d4 d5
3.Nb1c3 dxe4
4.Nc3xe4 Ng8f6
5.Ne4xf6 Qd8xf6
6.Ng1f3 Bf8e7
7.Bc1g5 Qf6g6
8.Bf1d3 Qg6h5
9.Bg5xe7 Kxe7
10.Qd1d2 b6
11.Bd3e4 c6
12.Qd2b4 c5
13.Qb4a3 Nb8c6
14.Be4xc6 { resign }
1-0

[Event "Tourn. n9888"]
[Site "www.echecsemail.com"]
[Date "2018.08.15"]
[Round "1"]
[White "Greghghs"]
[Black "Cathar"]
[WhiteElo "2520"]
[BlackElo "2410"]
[Result "1-0"]
[Round "1"]
1.d4 f5
2.e4 fxe4
3.Nb1c3 Ng8f6
4.Bc1g5 Nb8c6
5.d5 Nc6e5
6.Qd1e2 Ne5f7
7.Bg5xf6 exf6
8.Nc3xe4 Bf8e7
9.d6 cxd6
10.O-O-O O-O
11.Ne4g3 Rf8e8
12.Qe2h5 Be7f8
13.Bf1d3 g6
14.Bd3xg6 hxg6
15.Qh5xg6 Bf8g7
16.Ng3f5 { resign }
1-0

[Event "Tourn. n9912"]
[Site "www.echecsemail.com"]
[Date "2018.08.15"]
[Round "1"]
[White "J1j6"]
[Black "Gilliere"]
[WhiteElo "1890"]
[BlackElo "1980"]
[Result "1/2-1/2"]
[Round "1"]
1.d4 Ng8f6
2.c4 e6
3.Nb1c3 Bf8b4
4.Bc1d2 d5
5.cxd5 exd5
6.Ng1f3 O-O
7.Nc3b5 Bb4xd2
8.Qd1xd2 c6
9.Nb5c3 Bc8f5
10.O-O-O Qd8e8
11.Nf3h4 Bf5g6
12.Nh4xg6 fxg6
13.g3 Nf6e4
14.Nc3xe4 Qe8xe4
15.f3 Qe4e8
16.Bf1g2 Nb8d7
17.f4 Nd7f6
18.Rh1e1 Qe8d7
19.h3 Rf8e8
20.g4 Nf6e4
21.Bg2xe4 Re8xe4
22.e3 { draw }
1/2-1/2

[Event "Tourn. n9908"]
[Site "www.echecsemail.com"]
[Date "2018.08.15"]
[Round "1"]
[White "Fantomas"]
[Black "Ssharp"]
[WhiteElo "2110"]
[BlackElo "2220"]
[Result "0-1"]
[Round "1"]
1.e4 e6
2.d4 d5
3.exd5 exd5
4.Bc1e3 Ng8f6
5.h3 Bf8e7
6.Ng1f3 O-O
7.Bf1d3 Rf8e8
8.c3 Nb8d7
9.Qd1c2 Nd7f8
10.Nb1d2 h6
11.Nf3e5 Bc8e6
12.O-O-O a6
13.Nd2b3 Nf8d7
14.f4 Nd7xe5
15.fxe5 Nf6d7
16.g3 b6
17.Qc2e2 c5
18.Bd3b1 cxd4
19.Be3xd4 Be7g5
20.Nb3d2 b5
21.h4 Bg5e7
22.Rd1f1 Ra8c8
23.Qe2d3 Nd7f8
24.Nd2f3 Qd8a5
25.Kd2 b4
26.Rf1c1 bxc3
27.bxc3 Be7a3
28.Rc1e1 Rc8b8
29.Ke3 Re8c8
30.Rh1h2 Ba3b2
31.Rh2c2 g6
32.Qd3d2 Bb2a3
33.c4 Qa5a4
34.Rc2c3 Ba3b4
{ resign }
0-1

[Event "Tourn. n9894"]
[Site "www.echecsemail.com"]
[Date "2018.08.15"]
[Round "1"]
[White "Osopanda"]
[Black "Pariolinius"]
[WhiteElo "1840"]
[BlackElo "1750"]
[Result "0-1"]
[Round "1"]
1.e4 e6
2.d4 d5
3.Nb1c3 Ng8f6
4.e5 Nf6d7
5.Bf1d3 c5
6.Ng1e2 Nb8c6
7.dxc5 Bf8xc5
8.O-O Nd7xe5
9.Rf1e1 Qd8f6
10.Re1f1 Ne5xd3
11.Qd1xd3 O-O
12.Bc1e3 d4
13.Nc3e4 Qf6e7
14.Ne2xd4 Rf8d8
15.Ne4xc5 { time. }
0-1

[Event "Match"]
[Site "www.echecsemail.com"]
[Date "2018.08.15"]
[Round "1"]
[White "Grischuk2789"]
[Black "Krystek23"]
[WhiteElo "1809"]
[BlackElo "2500"]
[Result "1/2-1/2"]
[Round "1"]
1.c4 e5
2.Nb1c3 Ng8f6
3.Ng1f3 Nb8c6
4.e3 Bf8b4
5.d4 d6
6.Bc1d2 O-O
7.d5 Nc6e7
8.Bf1d3 c6
9.dxc6 bxc6
10.O-O Ra8b8
11.h3 c5
12.Qd1c2 Bc8d7
13.Rf1d1 h6
14.a3 Bb4a5
15.Ra1b1 Bd7c6
16.Nf3h4 Rf8e8
17.b3 a6
18.Bd3e4 Nf6xe4
19.Nc3xe4 Ba5c7
20.Bd2c3 g6
21.Ne4f6 Kg7
22.Nf6xe8 Qd8xe8
23.f4 Ne7g8
24.e4 Ng8f6
25.Rd1e1 Nf6h5
26.f5 Qe8e7
27.Qc2f2 Nh5f6
28.fxg6 fxg6
29.Qf2g3 Qe7f7
30.Qg3f3 a5
31.Bc3d2 a4
32.Qf3e3 { draw }
1/2-1/2

[Event "Match"]
[Site "www.echecsemail.com"]
[Date "2018.08.15"]
[Round "1"]
[White "Chapi"]
[Black "J1j6"]
[WhiteElo "2120"]
[BlackElo "1900"]
[Result "0-1"]
[Round "1"]
1.d4 Ng8f6
2.c4 d5
3.Nb1c3 b6
4.Bc1g5 dxc4
5.e4 Bc8a6
6.Qd1a4 c6
7.b3 Qd8xd4
8.Bg5e3 Qd4xc3
{ resign }
0-1

[Event "Tourn. n9907"]
[Site "www.echecsemail.com"]
[Date "2018.08.15"]
[Round "1"]
[White "Gilliere"]
[Black "Kuriero"]
[WhiteElo "1960"]
[BlackElo "1909"]
[Result "0-1"]
[Round "1"]
1.e4 c5
2.Ng1f3 Nb8c6
3.d4 cxd4
4.Nf3xd4 Ng8f6
5.Nb1c3 e5
6.Nd4xc6 bxc6
7.Bc1g5 Ra8b8
8.Ra1b1 h6
9.Bg5xf6 Qd8xf6
10.a3 Bf8c5
11.Qd1d2 Qf6g6
12.g3 Bc5d4
13.Bf1g2 O-O
14.O-O Bc8a6
15.Rf1e1 f5
16.exf5 Qg6xf5
17.Nc3e4 d5
18.Ne4c3 Qf5xf2
19.Qd2xf2 Bd4xf2
20.Kh1 Bf2xe1
21.Rb1xe1 Rb8xb2
22.Re1c1 Rf8f2
{ resign }
0-1

[Event "Fast Game"]
[Site "www.echecsemail.com"]
[Date "2018.08.15"]
[Round "1"]
[White "Coolant"]
[Black "Stevep84"]
[WhiteElo "2020"]
[BlackElo "2050"]
[Result "0-1"]
[Round "1"]
1.Nb1c3 c6
2.Ng1f3 d5
3.e4 Bc8g4
4.d4 e6
5.h3 Bg4xf3
6.Qd1xf3 Ng8f6
7.exd5 cxd5
8.Bf1b5 Nb8c6
9.O-O a6
10.Bb5xc6 bxc6
11.Bc1g5 Bf8e7
12.Nc3e2 h6
13.Bg5xf6 Be7xf6
14.c4 O-O
15.cxd5 exd5
16.Ra1c1 Qd8b6
17.Qf3c3 Rf8e8
18.Rf1e1 Ra8c8
19.b4 Re8e6
20.Kf1 Qb6b5
21.Qc3c5 Qb5b7
22.Ne2f4 Re6xe1
23.Rc1xe1 Bf6g5
24.Nf4d3 Qb7b5
25.Qc5xb5 cxb5
26.Nd3c5 { time. }
0-1

[Event "Tourn. n9797"]
[Site "www.chess-mail.com"]
[Date "2018.08.16"]
[Round "1"]
[White "Jjmcbride"]
[Black "Julian"]
[WhiteElo "1730"]
[BlackElo "1840"]
[Result "0-1"]
[Round "1"]
1.e4 c5
2.e5 Nb8c6
3.Ng1f3 Qd8c7
4.Qd1e2 e6
5.c3 d6
6.d4 cxd4
7.Bc1f4 dxe5
8.Nf3xe5 dxc3
9.Nb1xc3 Qc7a5
10.Ne5c4 Qa5f5
11.Bf4d6 Nc6d4
12.Nc4e3 Nd4xe2
13.Ne3xf5 Ne2xc3
14.Bd6xf8 Kxf8
15.Nf5d6 Nc3d5
16.Ra1c1 Bc8d7
17.Nd6xb7 Ng8e7
18.Nb7c5 Bd7c6
19.Bf1e2 g6
20.g3 Kg7
21.O-O Rh8c8
22.Be2f3 Ra8b8
23.b3 Nd5b4
24.Bf3xc6 Rc8xc6
25.a3 Nb4d5
26.b4 Ne7f5
27.Rf1d1 Nf5d6
28.Nc5xe6 fxe6
29.Rc1xc6 Nd6b5
30.Rc6xe6 Nd5c3
31.Rd1d7 Kh6
32.Re6e7 Nb5xa3
33.Re7xh7 Kg5
34.h4 Kg4
35.Rd7d4 Kf5
36.Rh7f7 Ke6
37.Rd4d7 Na3b5
38.Rf7e7 Kf6
39.Re7e3 Rb8b6
40.f4 Kf5
41.Re3e5 Kg4
42.Kg2 { time. }
0-1

[Event "Tourn. n9893"]
[Site "www.echecsemail.com"]
[Date "2018.08.16"]
[Round "1"]
[White "Traub"]
[Black "Ladyuzbetova"]
[WhiteElo "1520"]
[BlackElo "1539"]
[Result "1-0"]
[Round "1"]
1.e4 e5
2.Ng1f3 f5
3.exf5 Ng8f6
4.Nf3xe5 Qd8e7
5.Qd1e2 d6
6.Ne5f3 Bc8xf5
7.Qe2xe7 Bf8xe7
8.Nf3d4 Bf5d7
9.Nd4b5 Nb8a6
10.c4  { time }
1-0

[Event "Match"]
[Site "www.echecsemail.com"]
[Date "2018.08.16"]
[Round "1"]
[White "J1j6"]
[Black "Hundegana"]
[WhiteElo "1920"]
[BlackElo "2120"]
[Result "1/2-1/2"]
[Round "1"]
1.d4 c5
2.dxc5 Qd8a5
3.Nb1c3 Qa5xc5
4.e4 Ng8f6
5.Qd1f3 d6
6.Bc1e3 Qc5h5
7.Qf3g3 Qh5g6
8.Qg3xg6 hxg6
9.Bf1d3 a6
10.Ng1e2 Bc8d7
11.h3 Nb8c6
12.g4 Bd7xg4
13.Nc3d5 Nf6xd5
14.exd5 Bg4xe2
15.dxc6 Be2xd3
16.cxb7 Ra8b8
17.cxd3 Rb8xb7
18.Be3d4 e5
19.Bd4c3 Kd7
20.O-O-O f5
21.Rd1g1 Rh8h6
22.f3 Ke6
23.Rg1g5 Bf8e7
24.Rg5g3 d5
25.Rh1e1 f4
26.Re1xe5 Kf7
27.Rg3g4 Rh6xh3
28.Rg4xf4 Kg8
29.Re5xd5 Rh3h1
30.Kd2 g5
31.Rf4e4 Rh1h2
32.Ke3 Be7f6
33.Rd5d6 Bf6xc3
34.bxc3 Rh2xa2
35.Re4g4 Rb7e7
36.Kd4 Ra2a4
37.c4 Ra4a5
38.c5 Ra5a4
39.Kd5 Ra4xg4
40.fxg4 Re7a7
41.Rd6g6 a5
42.Rg6xg5 a4
43.c6 a3
44.Kd6 a2
45.c7 Ra7xc7
46.Rg5a5 Rc7c3
47.d4 Rc3g3
48.Ra5xa2 { draw }
1/2-1/2

[Event "Match"]
[Site "www.echecsemail.com"]
[Date "2018.08.16"]
[Round "1"]
[White "Ericleo1980"]
[Black "Jaguar91"]
[WhiteElo "2150"]
[BlackElo "2180"]
[Result "1-0"]
[Round "1"]
1.e4 e6
2.d4 d5
3.Nb1c3 Ng8f6
4.Bc1g5 Bf8e7
5.e5 Nf6d7
6.h4 a6
7.Qd1d2 c5
8.Bg5xe7 Qd8xe7
9.f4 cxd4
10.Qd2xd4 Nb8c6
11.Qd4f2 f6
12.exf6 Nd7xf6
13.Ng1f3 Qe7b4
14.O-O-O Qb4xf4
15.Kb1 Nf6e4
16.Qf2e1 Ne4xc3
17.Qe1xc3 O-O
18.Nf3g5 h6
19.g3 Qf4g4
20.Bf1h3 Qg4h5
21.Ng5xe6 Rf8f6
22.Ne6f4 Rf6xf4
23.gxf4 Bc8xh3
24.Qc3xh3 d4
25.Qh3d7 Ra8b8
26.f5 Qh5f7
27.Qd7e6 Rb8f8
28.a3 Kh8
29.Qe6xf7 Rf8xf7
30.Rh1f1 Kh7
31.h5 Kg8
32.Rd1e1 Kf8
33.Re1e6 Rf7d7
34.f6 Rd7f7
35.fxg7 Kxg7
36.Re6g6 Kf8
37.Rf1xf7 Kxf7
38.Rg6xh6 Kg7
39.Rh6d6 { resign }
1-0

[Event "Match"]
[Site "www.echecsemail.com"]
[Date "2018.08.16"]
[Round "1"]
[White "Gimmyg"]
[Black "Apdash"]
[WhiteElo "2530"]
[BlackElo "1990"]
[Result "1-0"]
[Round "1"]
1.Nb1c3 e5
2.e4 Ng8f6
3.Ng1f3 d6
4.d4 exd4
5.Nf3xd4 a6
6.Bf1c4 Bf8e7
7.O-O Nb8c6
8.Rf1e1 Nc6e5
9.Bc4f1 O-O
10.Nd4f5 Bc8xf5
11.exf5 Qd8d7
12.f4 Ne5c6
13.g4 d5
14.g5 Be7c5
15.Kg2 d4
16.gxf6 Qd7xf5
17.fxg7 Rf8e8
18.Re1xe8 Ra8xe8
19.Bf1d3 Qf5e6
20.Qd1h5 Kxg7
21.Qh5xh7 Kf8
22.f5 Qe6f6
23.Bc1h6 Ke7
24.Nc3d5 { resign }
1-0

[Event "Match"]
[Site "www.echecsemail.com"]
[Date "2018.08.16"]
[Round "1"]
[White "Chapi"]
[Black "Whitekknight"]
[WhiteElo "2070"]
[BlackElo "1870"]
[Result "1-0"]
[Round "1"]
1.d4 d5
2.c4 e5
3.Nb1c3 Ng8f6
4.dxe5 Nf6g4
5.Ng1f3 c6
6.cxd5 cxd5
7.Qd1xd5 Qd8xd5
8.Nc3xd5 Nb8a6
9.e3 Bc8e6
10.Bf1b5 Kd8
11.Bb5c4 Ra8c8
12.b3 Bf8b4
13.Bc1d2 Bb4xd2
14.Nf3xd2 Ng4xe5
15.Bc4xa6 bxa6
16.Nd5f4 Be6f5
17.O-O Rc8c2
18.Rf1d1 Ne5g6
19.Nf4xg6 hxg6
20.Nd2c4 Kc7
21.Rd1d2 Rc2xd2
22.Nc4xd2 Rh8d8
23.Nd2c4 Bf5d3
24.Nc4e5 f6
25.Ne5xd3 Rd8xd3
26.h3 Kb6
27.Kf1 Rd3d6
28.Ke2 Kb5
29.Ra1c1 Rd6d7
30.Rc1c4 a5
31.Rc4g4 g5
32.h4 gxh4
33.Rg4xh4 a6
34.a3 Rd7c7
35.Kd3 Rc7d7
36.Rh4d4 Rd7c7
37.f4 Rc7c6
38.g4 g6
39.f5 gxf5
40.gxf5 Rc6c5
41.e4 Rc5e5
42.Rd4d6 a4
43.b4 a5
44.bxa5 Kxa5
45.Rd6xf6 Re5b5
46.Rf6c6 Rb5b3
47.Rc6c3 Rb3b6
48.e5 Rb6b5
49.Kd4 Kb6
50.f6 { resign }
1-0

[Event "Match"]
[Site "www.echecsemail.com"]
[Date "2018.08.16"]
[Round "1"]
[White "Estonia"]
[Black "J1j6"]
[WhiteElo "2010"]
[BlackElo "1950"]
[Result "1-0"]
[Round "1"]
1.e4 c5
2.Ng1f3 e6
3.d4 d5
4.Bf1b5 Bc8d7
5.a4 Bd7xb5
6.axb5 b6
7.exd5 Qd8xd5
8.Nb1c3 Qd5c4
9.Ra1a4 { resign }
1-0